000 00435nam a2200193Ia 4500
003 GCL
008 140319s9999 xx 000 0 eng d
040 _aGCL /
_cGCL
082 0 4 _aP
_b05
_bUM
100 1 _aUNESCO
245 1 0 _aMUSEUM /
_cUNESCO
260 _a[S.N] :
_bUNESCO
300 _a64
490 _aCOLLECTION FOLIO CLASSIQUE
_v0
650 0 4 _aART
650 0 4 _aCOLLECTION
650 0 4 _aMUSEUM OF ARTS
942 _2ddc
_cCR
999 _c25829
_d25829